000 00808nam a22002057a 4500
003 BUBTL
008 230503b ||||| |||| 00| 0 eng d
020 _a984826163X
082 _a891.441/ T129b/ 2023
100 _92429
_aঠাকুর, রবীন্দ্রনাথ
245 _aবলাকা /
_cরবীন্দ্রনাথ ঠাকুর
250 _a1st Edn
260 _aঢাকা:
_bদি স্কাই পাবলিশার্স,
_cc2023
300 _a111 p.:
_c22 cm.
505 _aবলাকা, রবীন্দ্রনাথ ঠাকুর, কবিতা, বাংলা সাহিত্য
650 0 _91687
_aবাংলা সাহিত্য
856 _k0
_l0
_yDownload
942 _2ddc
_cBK
999 _c7035
_d7035